| 000 | 00527nam a2200181 a 4500 | ||
|---|---|---|---|
| 005 | 20220905203014.0 | ||
| 008 | 070924s1980 mx r 000 0 spa d | ||
| 035 | _aUPN01000152222 | ||
| 049 | _aCG | ||
| 050 | 4 |
_aPQ7297 A4.5 _bC3 |
|
| 100 | 1 |
_aAlmazán, Marco Aurelio, _d1922-1991 _930971 |
|
| 245 | 1 | 0 |
_aCafe, coñac y puro / _cMarco A. Almazán. |
| 260 |
_aMéxico : _bJus, _c1980. |
||
| 300 | _a213 p. | ||
| 650 | 4 |
_aLiteratura mexicana _ySiglo XX _95344 |
|
| 650 | 0 |
_aHumorismo y agudezas mexicanos _93035 |
|
| 905 | _aLibro | ||
| 999 |
_c124345 _d124345 |
||